Länder Asiens nach Fläche - Statistiken

Allgemein
  • Dieses Quiz wurde 1.822 mal gespielt
  • Das Durchschnittsergebnis liegt bei 22 aus 48
Antwortstatistiken
Fläche (km²) Land % Korrekt
9.596.960 China
100%
3.287.263 Indien
97%
2.724.900 Kasachstan
92%
2.149.690 Saudi-Arabien
86%
1.904.569 Indonesien
82%
1.648.195 Iran
81%
1.564.116 Mongolei
79%
796.095 Pakistan
73%
783.562 Türkei
61%
676.578 Myanmar
58%
652.230 Afghanistan
56%
719 Singapur
51%
447.400 Usbekistan
49%
527.968 Jemen
48%
513.120 Thailand
48%
760 Bahrain
47%
438.317 Irak
47%
488.100 Turkmenistan
47%
5.765 Brunei
46%
377.975 Japan
46%
298 Malediven
46%
309.500 Oman
41%
331.210 Vietnam
41%
11.586 Katar
40%
329.847 Malaysia
39%
14.874 Osttimor
36%
300.000 Philippinen
36%
17.818 Kuwait
35%
236.800 Laos
35%
10.400 Libanon
34%
185.180 Syrien
34%
20.770 Israel
33%
38.394 Bhutan
32%
199.951 Kirgisistan
32%
148.460 Bangladesch
31%
181.035 Kambodscha
31%
147.181 Nepal
30%
120.538 Nordkorea
30%
99.720 Südkorea
30%
144.100 Tadschikistan
30%
35.980 Taiwan
30%
89.342 Jordanien
29%
65.610 Sri Lanka
29%
83.600 Vereinigte Arabische Emirate
29%
9.251 Zypern
29%
29.743 Armenien
27%
86.600 Aserbaidschan
26%
69.700 Georgien
26%
Keine übereinstimmenden Quizze gefunden
Verteilung der Resultate
Anzahl Personen mit jedem Resultat
Perzentil nach korrekt beantworteten Fragen
Ihre Resultats-Entwicklung
Sie haben dieses Quiz noch nicht gespielt